MARC details
| 000 -LEADER |
| fixed length control field |
01074nam a2200277 a 4500 |
| 008 - FIXED-LENGTH DATA ELEMENTS--GENERAL INFORMATION |
| fixed length control field |
120416s1999 ||||||||||||||||| || u |
| 020 ## - INTERNATIONAL STANDARD BOOK NUMBER |
| International Standard Book Number |
1557758271 |
| 050 ## - LIBRARY OF CONGRESS CALL NUMBER |
| Classification number |
IMF(02) |
| 100 ## - MAIN ENTRY--PERSONAL NAME |
| Personal name |
Alonso-Gamo, Patricia |
| 245 10 - TITLE STATEMENT |
| Title |
West Bank and Gaza Strip : economic developments in the five years since Oslo / |
| Statement of responsibility, etc. |
Patricia Alonso-Gamo; [and others] |
| 260 ## - PUBLICATION, DISTRIBUTION, ETC. |
| Place of publication, distribution, etc. |
Washington, D. C. : |
| Name of publisher, distributor, etc. |
IMF |
| Date of publication, distribution, etc. |
1999 |
| 300 ## - PHYSICAL DESCRIPTION |
| Extent |
viii, 86p. : ill. |
| 350 ## - PRICE (NR) (BK AM CF MU VM SE) [OBSOLETE] |
| Price |
0.00 |
| 500 ## - GENERAL NOTE |
| General note |
Bibliography |
| 650 ## - SUBJECT ADDED ENTRY--TOPICAL TERM |
| Topical term or geographic name entry element |
BANKS |
| 650 ## - SUBJECT ADDED ENTRY--TOPICAL TERM |
| Topical term or geographic name entry element |
Fiscal policy - West Bank |
| 650 ## - SUBJECT ADDED ENTRY--TOPICAL TERM |
| Topical term or geographic name entry element |
BANKS AND BANKING--WEST BANK |
| 650 #0 - SUBJECT ADDED ENTRY--TOPICAL TERM |
| Topical term or geographic name entry element |
GAZA STRIP--ECONOMIC CONDITIONS |
| 650 #0 - SUBJECT ADDED ENTRY--TOPICAL TERM |
| Topical term or geographic name entry element |
WEST BANK--ECONOMIC CONDITIONS |
| 650 ## - SUBJECT ADDED ENTRY--TOPICAL TERM |
| Topical term or geographic name entry element |
Fiscal policy - Gaza Strip |
| 650 ## - SUBJECT ADDED ENTRY--TOPICAL TERM |
| Topical term or geographic name entry element |
INFRACTRUCTURE--ECONOMICS--GAZA STRIP |
| 650 ## - SUBJECT ADDED ENTRY--TOPICAL TERM |
| Topical term or geographic name entry element |
BANKS AND BANKING--GAZA STRIP |
| 650 ## - SUBJECT ADDED ENTRY--TOPICAL TERM |
| Topical term or geographic name entry element |
INFRASTUCTURE--ECONOMICS--WEST BANK |
| 710 ## - ADDED ENTRY--CORPORATE NAME |
| Corporate name or jurisdiction name as entry element |
INTERNATIONAL MONETARY FUND(IMF) |
| 995 ## - RECOMMENDATION 995 [LOCAL, UNIMARC FRANCE] |
| -- |
0.00 |
| -- |
CBU-MAIN LIBRARY (Kitwe) |
| -- |
1 |
| -- |
0.00 |
| -- |
1 |
| -- |
AVAILABLE |
| -- |
Oct 18, 2007 |
| -- |
Annex Low-Usage Collection |